Normal view
MARC view
Entry Topical Term
001 - CONTROL NUMBER
- control field: 860323
003 - CONTROL NUMBER IDENTIFIER
- control field: OSt
005 - DATE AND TIME OF LATEST TRANSACTION
- control field: 20251230120148.0
008 - FIXED-LENGTH DATA ELEMENTS
- fixed length control field: 251230|| aca||aabn | a|a d
040 ## - CATALOGING SOURCE
- Original cataloging agency: OSt
- Transcribing agency: OSt
150 ## - HEADING--TOPICAL TERM
- Topical term or geographic name entry element: हिन्दी कविता
670 ## - SOURCE DATA FOUND
- Source citation: Work cat.: (OSt)329966: पाठक, जीतराम 156291, भारतीय काव्यशास्त्र की भूमिका, 1989.
